<?xml version="1.0" encoding="UTF-8"?><?xml-stylesheet type="text/xsl" href="static/style.xsl"?><OAI-PMH xmlns="http://www.openarchives.org/OAI/2.0/" xmlns:xsi="http://www.w3.org/2001/XMLSchema-instance" xsi:schemaLocation="http://www.openarchives.org/OAI/2.0/ http://www.openarchives.org/OAI/2.0/OAI-PMH.xsd"><responseDate>2026-06-29T02:09:58Z</responseDate><request verb="GetRecord" identifier="oai:docta.ucm.es:20.500.14352/105798" metadataPrefix="marc">https://docta.ucm.es/rest/oai/request</request><GetRecord><record><header><identifier>oai:docta.ucm.es:20.500.14352/105798</identifier><datestamp>2025-03-18T15:36:46Z</datestamp><setSpec>com_20.500.14352_14</setSpec><setSpec>col_20.500.14352_15</setSpec></header><metadata><record xmlns="http://www.loc.gov/MARC21/slim" xmlns:dcterms="http://purl.org/dc/terms/" xmlns:xsi="http://www.w3.org/2001/XMLSchema-instance" xmlns:doc="http://www.lyncode.com/xoai" xsi:schemaLocation="http://www.loc.gov/MARC21/slim http://www.loc.gov/standards/marcxml/schema/MARC21slim.xsd">
   <leader>00925njm 22002777a 4500</leader>
   <datafield ind2=" " ind1=" " tag="042">
      <subfield code="a">dc</subfield>
   </datafield>
   <datafield ind2=" " ind1=" " tag="720">
      <subfield code="a">Schweiger Gallo, Inge</subfield>
      <subfield code="e">author</subfield>
   </datafield>
   <datafield ind2=" " ind1=" " tag="720">
      <subfield code="a">Rodríguez Monter, Miryam</subfield>
      <subfield code="e">author</subfield>
   </datafield>
   <datafield ind2=" " ind1=" " tag="720">
      <subfield code="a">Cuenca García, Cristina</subfield>
      <subfield code="e">author</subfield>
   </datafield>
   <datafield ind2=" " ind1=" " tag="720">
      <subfield code="a">Fernández-Dols, José Miguel</subfield>
      <subfield code="e">author</subfield>
   </datafield>
   <datafield ind2=" " ind1=" " tag="720">
      <subfield code="a">Belli, Simone</subfield>
      <subfield code="e">author</subfield>
   </datafield>
   <datafield ind2=" " ind1=" " tag="260">
      <subfield code="c">2024</subfield>
   </datafield>
   <datafield ind2=" " ind1=" " tag="520">
      <subfield code="a">A pesar del creciente interés por la grima en los últimos años debido a su relevancia como una emoción culturalmente específica del ámbito español, aún desconocemos en gran medida su delimitación con respecto a la emoción del asco. En esta investigación abordamos la comprensión de las experiencias de grima mediante una metodología que combina enfoques deductivos e inductivos. Los resultados sugieren que la mayoría de las experiencias están relacionadas con situaciones que involucran chirridos y el arañado de superficies, seguidas de situaciones relacionadas con un dominio del asco conocido como trasgresiones de la envoltura corporal. Asimismo, se observó que las experiencias de grima eran más frecuentes en entornos educativos, aunque abarcaban una amplia gama de contextos, a excepción del ámbito institucional. Se discuten las implicaciones teóricas y metodológicas de estos resultados.</subfield>
   </datafield>
   <datafield ind2=" " ind1=" " tag="520">
      <subfield code="a">Despite the interest in grima during the last years due to its relevance as a culturally specific emotion in Spain, we still lack knowledge about its delineation from the experience of
disgust. Applying a combination of deductive and inductive methodologies to the study of grima, it was found that most of the experiences of grima referred to squeaking noises
and scratching of surfaces, followed by situations related to the disgust domain of envelope violations. Further, it was also observed that the experiences of grima occurred in a variety
of contexts, with the exception of the institutional context, although mainly in the educational context. The theoretical and methodological implications of the present research are
discussed.</subfield>
   </datafield>
   <datafield ind2=" " ind1=" " tag="520">
      <subfield code="a">Apesar do crescente interesse pela Grima nos últimos anos devido à sua relevância como emoção culturalmente específica em Espanha, ainda desconhecemos em grande parte a sua
delimitação no que diz respeito à emoção de nojo. Nesta pesquisa abordamos a compreensão das experiências de Grima através de uma metodologia que combina abordagens dedutivas e indutivas. Os resultados sugerem que a maioria das experiências está relacionada a situações que envolvem rangidos e arranhões em superfícies, seguidas de situações que envolvem um domínio de nojo conhecido como transgressões do envelope corporal. Da mesma forma, observou-se que as experiências de Grima foram mais frequentes em ambientes educacionais, embora abrangessem uma ampla gama de contextos, com exceção do ambiente institucional. As implicações teóricas e metodológicas destes resultados são discutidas.</subfield>
   </datafield>
   <datafield ind2=" " ind1=" " tag="520">
      <subfield code="a">Malgré l’intérêt croissant pour le grima ces dernières années en raison de sa pertinence en tant qu’émotion culturellement spécifique en Espagne, on ignore encore largement sa délimitation par rapport à l’émotion du dégoût. Dans cette recherche, nous abordons la compréhension des expériences grima à travers une méthodologie qui combine des approches
déductives et inductives. Les résultats suggèrent que la plupart des expériences sont liées à des situations impliquant des grincements et des rayures sur des surfaces, suivies par des
situations impliquant un domaine de dégoût connu sous le nom de transgressions de l’enveloppe corporelle. De même, il a été observé que les expériences de grima étaient plus
fréquentes en milieu éducatif, même si elles couvraient un large éventail de contextes, à l’exception du cadre institutionnel. Les implications théoriques et méthodologiques de ces
résultats sont discutées.</subfield>
   </datafield>
   <datafield ind1="8" ind2=" " tag="024">
      <subfield code="a">Schweiger Gallo, I., Rodríguez Monter, M., Cuenca, C., Fernández-Dols, J., &amp; Belli, S. (2024). Aproximación a la Equivalencia entre Asco y Grima mediante un Análisis de Dominios y Contextos. Revista De Psicología, 42(2), 1248-1271. https://doi.org/10.18800/psico.202402.020</subfield>
   </datafield>
   <datafield ind1="8" ind2=" " tag="024">
      <subfield code="a">0254-9247</subfield>
   </datafield>
   <datafield ind1="8" ind2=" " tag="024">
      <subfield code="a">10.18800/psico.202402.020</subfield>
   </datafield>
   <datafield ind1="8" ind2=" " tag="024">
      <subfield code="a">https://hdl.handle.net/20.500.14352/105798</subfield>
   </datafield>
   <datafield ind1="8" ind2=" " tag="024">
      <subfield code="a">2223-3733</subfield>
   </datafield>
   <datafield ind1="8" ind2=" " tag="024">
      <subfield code="a">https://doi.org/10.18800/psico.202402.020</subfield>
   </datafield>
   <datafield ind1="8" ind2=" " tag="024">
      <subfield code="a">https://revistas.pucp.edu.pe/index.php/psicologia/article/view/29134</subfield>
   </datafield>
   <datafield ind2="0" ind1="0" tag="245">
      <subfield code="a">Aproximación a la equivalencia entre asco y grima mediante un análisis de dominios y contextos</subfield>
   </datafield>
</record></metadata></record></GetRecord></OAI-PMH>